Základy preparativní anorganické chemie /

Uložené v:
Podrobná bibliografia
Hlavní autori: Hájek, Bohumil, 1927- (Author), Petrů, František, 1905-1974 (Author)
Médium: Kniha
Jazyk:Czech
Vydané: Praha : Státní nakladatelství technické literatury, 1963.
Vydanie:4., doplnění vydání
Edícia:Učební texty vysokých škol
Fyzický popis: 78 strán.
Tagy: Pridať tag
Žiadne tagy, Buďte prvý kto otaguje tento záznam!

MARC

LEADER 00000nam a22000002i 4500
001 000711069
005 20240321104803.0
008 230215s1963 xr f p 000 0 cze d
020 |c Kčs 5,80  |q (brožované) 
040 |a SVKKK  |b slo  |c SVKKK  |e rda 
041 0 |a cze 
044 |a xr  |c CZ 
100 1 |a Hájek, Bohumil,  |d 1927-  |4 aut 
245 1 0 |a Základy preparativní anorganické chemie /  |c Bohumil Hájek, František Petrů. 
250 |a 4., doplnění vydání 
264 1 |a Praha :  |b Státní nakladatelství technické literatury,  |c 1963. 
300 |a 78 strán. 
336 |a text  |b txt  |2 rdacontent 
337 |a bez média  |b n  |2 rdamedia 
338 |a zväzok  |b nc  |2 rdacarrier 
490 1 |a Učební texty vysokých škol 
500 |a Záznam revízie 
700 1 |a Petrů, František,  |d 1905-1974  |4 aut 
830 0 |a Učební texty vysokých škol 
910 |a svkkk 
998 |a BK 
090 |g SCKHL  |k Sklad Pribinova 3. posch.  |a V.37937  |j 327880  |i 2721099766  |s Vyradená